000 01182nam0a2200361 4500
001 RU\NLR\BIBL_A\010002348
005 20251201175815.6
010 _a978-5-91503-244-5
_93000
021 _aRU
_b2013-76383
_95258
035 _a(NLR Aleph) 010002348
090 _a9802956
_c9802956
100 _a20131108d2013 u y0rusy50 ca
101 0 _arus
_akor
102 _aRU
105 _ay||||||||||||
200 1 _aСовременный русско-корейский разговорник
_f[Слесаренко А.Н.]
210 _aМосква
_cДом славянской книги
_d2013
215 _a191 с.
_cил.
_d17
606 _aРусский язык
_xРазговорники
_xКорейский язык
_91557810
_3RU\NLR\AUTH\66981569
675 _a811.161.1'374-531
686 1 _aШ141.12-498.1
686 1 _aШ175.41-498.2
702 1 _aСлесаренко
_bА.Н.
_4220
801 0 _aRU
_bRuMoRKP
_c20130919
_gRCR
801 2 _aRU
_bРГБ
_c20131007
_grcr
852 _aNLR
_bОЛСАА-кор
_j2-2891
942 _cBOOK
980 _aNBR
980 1 _aKOR
980 _aNB